| 000 | 01228nac a22003251i 4500 | ||
|---|---|---|---|
| 003 | EG-ScBUE | ||
| 005 | 20240704114300.0 | ||
| 008 | 240704s1996 nyuab f e 001 0 eng d | ||
| 020 | _a0062700553 | ||
| 040 |
_aEG-ScBUE _beng _erda _cEG-ScBUE _dEG-ScBUE |
||
| 043 | _an-us--- | ||
| 082 | 0 | 4 |
_a973 _bENC _222 |
| 245 | 0 | 0 |
_aEncyclopedia of American history / _cedited by Richard B. Morris, professor of history, Cloumbia University, Jeffrey B. Morris, professor of low, Touro Law Center. |
| 246 | 3 | 0 | _aAmerican history |
| 250 | _aSeventh edition. | ||
| 264 | 1 |
_aNew York : _bHarperCollins Publishers, _c1996. |
|
| 300 |
_axv, 1278 pages : _billustrations, maps ; _c25 cm |
||
| 336 |
_2rdacontent _atext _btxt |
||
| 337 |
_aunmediated _2rdamedia _bn |
||
| 338 |
_avolume _bnc _2rdacarrier |
||
| 500 | _aIncludes index. | ||
| 651 | 7 |
_aUnited States _xHistory _xChronology. _2BUEsh |
|
| 651 | 7 |
_aUnited States _xHistory _xEncyclopedias. _2BUEsh |
|
| 655 | _vReading book | ||
| 700 | 1 |
_aMorris, Richard Brandon, _d1904- _eeditor. |
|
| 700 | 1 |
_aMorris, Jeffrey Brandon, _d1941- _eeditor. |
|
| 856 | 4 | 2 |
_3Publisher description _uhttp://www.loc.gov/catdir/description/hc041/96011191.html |
| 942 |
_cNB _2ddc |
||
| 999 |
_c9973 _d9973 |
||